00653cam a22001937a 4500003000500000005001700005008004100022010001000063011001000073035001000083040000900093082001500102110007600117245005300193260009100246300002700337650003400364710006100398CHAP20220329134752.0971013s1972 r 00010 d a25583 a26555 a30656 cCHAP a633.61bI5 aInstituto para el Mejoramiento de la Producción de Azúcar. México 0aEstructura, objetivos, procedimientos, programas aMéxico, D.F. :bInstituto para el Mejoramiento de la Producción de Azúcar,c1972 a92 p.b: ilus. ; mapas14aCaña de azúcarzMéxico.0 aComisión Nacional de la Industria Azucarera. México.